000 00370nam a2200133Ia 4500
008 231129s1995||||xx |||||||||||||| ||spa||
040 _bspa
082 _a307.76 C718
100 _aColombia. Ministerio de Desarrollo Económico
245 0 _aCiudades y ciudadania: La polí­tica urbana del salto social
260 _c1995
264 _aEl Ministerio
942 _2ddc
_cBKS
999 _c7054
_d7054